000
00199nam a22000857a 4500
999
_c
522765
_d
522765
100
_a
Paul, Mahua
_9
38492
245
_a
Import intensity and its impact
260
_a
New Delhi
_b
ISID
_c
2014
300
_a
47p.